<?xml version="1.0" encoding="UTF-8"?>
<record
    xmlns:xsi="http://www.w3.org/2001/XMLSchema-instance"
    xsi:schemaLocation="http://www.loc.gov/MARC21/slim http://www.loc.gov/standards/marcxml/schema/MARC21slim.xsd"
    xmlns="http://www.loc.gov/MARC21/slim">

  <leader>01229nam a22002657a 4500</leader>
  <controlfield tag="003">Uzh_bibl</controlfield>
  <controlfield tag="008">260514b        |||||||| |||| 00| 0 ukr d</controlfield>
  <datafield tag="020" ind1=" " ind2=" ">
    <subfield code="a">966-01-0077-9</subfield>
    <subfield code="c">55.00</subfield>
  </datafield>
  <datafield tag="040" ind1=" " ind2=" ">
    <subfield code="b">&#x443;&#x43A;&#x440;.</subfield>
  </datafield>
  <datafield tag="041" ind1=" " ind2=" ">
    <subfield code="2">fre</subfield>
    <subfield code="a">ukr</subfield>
  </datafield>
  <datafield tag="080" ind1=" " ind2=" ">
    <subfield code="a">821.133.1</subfield>
  </datafield>
  <datafield tag="090" ind1=" " ind2=" ">
    <subfield code="a">821.133.1</subfield>
    <subfield code="b">&#x411; 21</subfield>
  </datafield>
  <datafield tag="100" ind1=" " ind2=" ">
    <subfield code="a">&#x411;&#x430;&#x43B;&#x44C;&#x437;&#x430;&#x43A;,&#x41E;&#x43D;&#x43E;&#x440;&#x435; &#x434;&#x435;</subfield>
  </datafield>
  <datafield tag="245" ind1=" " ind2=" ">
    <subfield code="a">&#x428;&#x430;&#x433;&#x440;&#x435;&#x43D;&#x435;&#x432;&#x430; &#x448;&#x43A;&#x456;&#x440;&#x430;.&#x411;&#x430;&#x442;&#x44C;&#x43A;&#x43E; &#x413;&#x43E;&#x440;&#x456;&#x43E;.&#x413;&#x43E;&#x431;&#x441;&#x435;&#x43A;</subfield>
    <subfield code="c">&#x41F;&#x435;&#x440;. &#x456;&#x437; &#x444;&#x440;.; &#x41F;&#x435;&#x440;&#x435;&#x434;&#x43C;. &#x414;. &#x412;. &#x417;&#x430;&#x442;&#x43E;&#x43D;&#x441;&#x44C;&#x43A;&#x43E;&#x433;&#x43E;; &#x41F;&#x440;&#x438;&#x43C;&#x456;&#x442;. &#x414;. &#x421;. &#x41D;&#x430;&#x43B;&#x438;&#x432;&#x430;&#x439;&#x43A;&#x430;; &#x41C;&#x430;&#x43B;. &#x404;. &#x404;. &#x41A;&#x43E;&#x442;&#x43B;&#x44F;&#x440;&#x430;.</subfield>
    <subfield code="h">&#x422;&#x435;&#x43A;&#x441;&#x442;</subfield>
  </datafield>
  <datafield tag="260" ind1=" " ind2=" ">
    <subfield code="a">&#x41A;&#x438;&#x457;&#x432;</subfield>
    <subfield code="b">&#x412;&#x435;&#x441;&#x435;&#x43B;&#x43A;&#x430;</subfield>
    <subfield code="c">1998</subfield>
  </datafield>
  <datafield tag="300" ind1=" " ind2=" ">
    <subfield code="a">527 &#x441;.</subfield>
    <subfield code="b">&#x456;&#x43B;.</subfield>
  </datafield>
  <datafield tag="490" ind1=" " ind2=" ">
    <subfield code="a">"&#x428;&#x43A;&#x456;&#x43B;&#x44C;&#x43D;&#x430; &#x431;&#x456;&#x431;&#x43B;&#x456;&#x43E;&#x442;&#x435;&#x43A;&#x430;"</subfield>
  </datafield>
  <datafield tag="520" ind1=" " ind2=" ">
    <subfield code="a">&#x414;&#x43E; &#x43A;&#x43D;&#x438;&#x436;&#x43A;&#x438; &#x443;&#x432;&#x456;&#x439;&#x448;&#x43B;&#x438; &#x434;&#x432;&#x430; &#x440;&#x43E;&#x43C;&#x430;&#x43D;&#x438; &#x442;&#x430; &#x43F;&#x43E;&#x432;&#x456;&#x441;&#x442;&#x44C; &#x456;&#x437; &#x441;&#x43B;&#x430;&#x432;&#x43D;&#x43E;&#x437;&#x432;&#x456;&#x441;&#x43D;&#x43E;&#x457; &#x435;&#x43F;&#x43E;&#x43F;&#x435;&#x457; &#xAB;&#x41B;&#x44E;&#x434;&#x441;&#x44C;&#x43A;&#x430; &#x43A;&#x43E;&#x43C;&#x435;&#x434;&#x456;&#x44F;&#xBB; &#x432;&#x435;&#x43B;&#x438;&#x43A;&#x43E;&#x433;&#x43E; &#x444;&#x440;&#x430;&#x43D;&#x446;&#x443;&#x437;&#x44C; &#x43A;&#x43E;&#x433;&#x43E; &#x43F;&#x438;&#x441;&#x44C;&#x43C;&#x435;&#x43D;&#x43D;&#x438;&#x43A;&#x430;-&#x440;&#x435;&#x430;&#x43B;&#x456;&#x441;&#x442;&#x430; &#x41E;&#x43D;&#x43E;&#x440;&#x435; &#x434;&#x435; &#x411;&#x430;&#x43B;&#x44C;&#x437;&#x430;&#x43A;&#x430;.</subfield>
  </datafield>
  <datafield tag="521" ind1=" " ind2=" ">
    <subfield code="a">&#x414;&#x43B;&#x44F; &#x441;&#x442;. &#x448;&#x43A; .&#x432;&#x456;&#x43A;&#x443;</subfield>
  </datafield>
  <datafield tag="546" ind1=" " ind2=" ">
    <subfield code="a">&#x443;&#x43A;&#x440;.</subfield>
  </datafield>
  <datafield tag="650" ind1=" " ind2=" ">
    <subfield code="a">&#x41B;&#x456;&#x442;&#x435;&#x440;&#x430;&#x442;&#x443;&#x440;&#x43D;&#x43E;-&#x445;&#x443;&#x434;&#x43E;&#x436;&#x43D;&#x454; &#x432;&#x438;&#x434;&#x430;&#x43D;&#x43D;&#x44F;</subfield>
  </datafield>
  <datafield tag="653" ind1=" " ind2=" ">
    <subfield code="a">&#x416;&#x430;&#x434;&#x456;&#x431;&#x43D;&#x456;&#x441;&#x442;&#x44C;</subfield>
    <subfield code="a">&#x421;&#x442;&#x43E;&#x441;&#x443;&#x43D;&#x43A;&#x438;</subfield>
  </datafield>
  <datafield tag="655" ind1=" " ind2=" ">
    <subfield code="a">&#x41F;&#x440;&#x43E;&#x437;&#x430;</subfield>
    <subfield code="v">&#x420;&#x43E;&#x43C;&#x430;&#x43D;</subfield>
  </datafield>
  <datafield tag="942" ind1=" " ind2=" ">
    <subfield code="2">udc</subfield>
    <subfield code="c">BK</subfield>
  </datafield>
  <datafield tag="999" ind1=" " ind2=" ">
    <subfield code="c">17755</subfield>
    <subfield code="d">17755</subfield>
  </datafield>
  <datafield tag="952" ind1=" " ind2=" ">
    <subfield code="0">0</subfield>
    <subfield code="1">0</subfield>
    <subfield code="2">udc</subfield>
    <subfield code="4">0</subfield>
    <subfield code="7">0</subfield>
    <subfield code="a">F5</subfield>
    <subfield code="b">F5</subfield>
    <subfield code="c">ABP</subfield>
    <subfield code="d">2026-05-14</subfield>
    <subfield code="i">65487</subfield>
    <subfield code="l">0</subfield>
    <subfield code="o">821.133.1</subfield>
    <subfield code="p">4227</subfield>
    <subfield code="r">2026-05-14</subfield>
    <subfield code="w">2026-05-14</subfield>
    <subfield code="y">BK</subfield>
  </datafield>
</record>
